History of social thought. (Record no. 195)

MARC details
000 -LEADER
fixed length control field 00510cam a2200217ua 4500
001 - CONTROL NUMBER
control field 229
005 - DATE AND TIME OF LATEST TRANSACTION
control field 20260515113134.0
008 - FIXED-LENGTH DATA ELEMENTS--GENERAL INFORMATION
fixed length control field 110325n ii |||gr||||Z||||||eng
020 ## - INTERNATIONAL STANDARD BOOK NUMBER
International Standard Book Number 81-85099-20-0
040 ## - CATALOGING SOURCE
Transcribing agency MAIN
082 ## - DEWEY DECIMAL CLASSIFICATION NUMBER
Classification number 301
245 ## - TITLE STATEMENT
Title History of social thought.
Statement of responsibility, etc. By R.N. Sharma.
250 ## - EDITION STATEMENT
Edition statement 1st.
260 ## - PUBLICATION, DISTRIBUTION, ETC.
Place of publication, distribution, etc. Bombay.:
Name of publisher, distributor, etc. MPP,
Date of publication, distribution, etc. 2003.
300 ## - PHYSICAL DESCRIPTION
Extent viii, 442 p.:5 cm.
653 ## - INDEX TERM--UNCONTROLLED
Uncontrolled term Sociology.
653 ## - INDEX TERM--UNCONTROLLED
Uncontrolled term Social thought.
700 1# - ADDED ENTRY--PERSONAL NAME
Personal name Sharma, R.N.,
700 1# - ADDED ENTRY--PERSONAL NAME
Personal name Sharma, R.K.,
942 ## - ADDED ENTRY ELEMENTS (KOHA)
Koha item type Books
Holdings
Withdrawn status Lost status Damaged status Not for loan Home library Current library Shelving location Date acquired Total checkouts Full call number Barcode Date last seen Copy number Price effective from Koha item type
        Naharkatiya College Library Naharkatiya College Library General stacks 09/19/2020   301 | SHA 18680 07/31/2023 1 09/19/2020 Books